[Event "Challenge"]
[Site "http://www.queenalice.com/game.php?id=381320"]
[Date "2008.4.3"]
[Round "-"]
[White "carolindaia"]
[Black "cesarcalegari"]
[Result "0-1"]
[WhiteElo "1100"]
[BlackElo "1344"]

1. e3 Nh6 2. g3 e6 3. Na3 Nc6 4. Bb5 Nb4 5. e4 e5 6. c3 a5 7. cxb4 Qf6 8. bxa5
Bc5 9. Qh5 Qxf2+ 10. Kd1 c6 11. Qxe5+ Be7 12. Qxg7 Bf8 13. Qxh8 f6 14. Qxh7 cxb5
15. Qxh6 Bxh6 16. Nxb5 Kd8 17. Nh3 Qf3+ 18. Ke1 Qxh1+ 19. Kf2 Qxh2+ 20. Kf1
Qxh3+ 21. Ke2 Qg4+ 22. Kd3 Rxa5 23. Kc4 Qxe4+ 24. Nd4 Qd5+ 25. Kb4 Bf8+ 26. Kc3
b6 27. a4 Ba6 28. Ra3 Qc4# 0-1

[Event "Challenge"]
[Site "http://www.queenalice.com/game.php?id=381967"]
[Date "2008.4.4"]
[Round "-"]
[White "carolindaia"]
[Black "Strapasson"]
[Result "0-1"]
[WhiteElo "1043"]
[BlackElo "985"]

1. d4 e6 2. Bg5 Qxg5 3. Nh3 Qe7 4. e4 Nf6 5. Na3 Qb4+ 6. c3 Qxb2 7. Nc4 Qxc3+ 8.
Nd2 Nxe4 9. Rc1 Qa5 10. f3 Nc3 11. Nc4 Qh5 12. Rxc3 Bb4 13. Qd2 O-O 14. Qd3 a5
15. a3 b5 16. axb4 bxc4 17. Rxc4 Ba6 18. Rc5 Qh4+ 19. Nf2 Bxd3 20. g3 Qxd4 21.
Nxd3 axb4 22. Re5 Ra2 23. Re2 Ra1+ 24. Nc1 Rxc1# 0-1

[Event "Challenge"]
[Site "http://www.queenalice.com/game.php?id=382529"]
[Date "2008.4.5"]
[Round "-"]
[White "carolindaia"]
[Black "Johansen"]
[Result "0-1"]
[WhiteElo "1001"]
[BlackElo "1225"]

1. d4 d5 2. e3 Nf6 3. Bb5+ c6 4. Be2 e6 5. Nh3 Ne4 6. f3 Ng5 7. Nxg5 Qxg5 8. g4
b5 9. h4 Qd8 10. h5 Qa5+ 11. Bd2 Bb4 12. c3 Be7 13. b4 Qd8 14. Na3 Bh4+ 15. Rxh4
Qxh4+ 16. Kf1 Qh1+ 17. Kf2 Qxd1 18. Rxd1 O-O 19. Bd3 a5 20. Nc2 axb4 21. Nxb4
Na6 22. Nxc6 Re8 23. Ke1 Bb7 24. Na5 Re7 25. Nxb7 Rxb7 26. f4 Nc7 27. Ra1 Rba7
28. e4 Rxa2 29. Rd1 Ra1 30. Bxb5 Nxb5 31. Rc1 g6 32. Ke2 dxe4 33. c4 Rxc1 34.
Bxc1 Nc3+ 35. Ke3 Ra1 36. Bb2 Re1+ 37. Kd2 Rf1 38. Kxc3 Rxf4 39. c5 Rxg4 40. c6
Rg3+ 41. Kd2 Rd3+ 42. Ke2 Rb3 43. c7 Rxb2+ 44. Ke3 Rc2 45. Kxe4 Rxc7 46. hxg6
hxg6 47. Kf4 Rc4 48. Ke4 f5+ 49. Ke5 Kf7 50. Kd6 Rxd4+ 51. Ke5 Re4+ 52. Kd6 g5
53. Kd7 g4 54. Kd6 g3 0-1

[Event "Challenge"]
[Site "http://www.queenalice.com/game.php?id=384318"]
[Date "2008.4.8"]
[Round "-"]
[White "carolindaia"]
[Black "fferraz"]
[Result "0-1"]
[WhiteElo "1022"]
[BlackElo "1336"]

1. Nf3 d5 2. Ng5 e6 3. d4 h6 4. Nf3 b6 5. Ne5 Ba6 6. Nc6 Nxc6 7. Be3 Bb4+ 8. Bd2
Qh4 9. c3 Nf6 10. cxb4 Ne4 11. Bc3 Qxf2# 0-1

[Event "Challenge"]
[Site "http://www.queenalice.com/game.php?id=384470"]
[Date "2008.4.9"]
[Round "-"]
[White "carolindaia"]
[Black "clodoaldopaiva"]
[Result "0-1"]
[WhiteElo "993"]
[BlackElo "1433"]

1. d4 d5 2. h4 e6 3. Rh3 c5 4. dxc5 Bxc5 5. Bg5 Qc7 6. Nc3 Qe5 7. f4 Qd4 8. Qc1
Qf2+ 9. Kd1 Be3 10. Qb1 Qxf1# 0-1

[Event "1 x 0"]
[Site "http://www.queenalice.com/game.php?id=385073"]
[Date "2008.4.10"]
[Round "-"]
[White "carolindaia"]
[Black "cesarcalegari"]
[Result "1-0"]
[WhiteElo "988"]
[BlackElo "1333"]

1. h4 e6 2. d4 Nc6 3. Bg5 f6 4. Bd2 Nxd4 5. Bc3 Nb5 6. Bd4 e5 7. Be3 Ne7 8. Bc5
d6 9. Ba3 Qd7 10. Nc3 a6 11. Bb4 b6 12. Ba3 Nf5 13. Ne4 Bb7 14. Nxf6+ gxf6 15.
Bb4 Bh6 16. c4 Nbd4 17. e3 Ne6 18. Qh5+ Qf7 19. Qxf5 O-O-O 20. Qd3 Bf8 21. a4
Nc5 22. Qa3 e4 23. Be2 a5 24. Bc3 Bc6 25. b4 Ne6 26. bxa5 bxa5 27. Bxa5 Bh6 28.
Qb4 Nc5 29. Bxc7 Kxc7 30. Qa5+ Kc8 31. Bg4+ f5 32. Qb6 Kd7 33. Qa7+ Bb7 34. Rd1
Nd3+ 35. Rxd3 exd3 36. Qxb7+ Ke8 37. Qb5+ Rd7 38. Bxf5 Kf8 39. Bxd7 Kg7 40. Bf5
Re8 41. Bxd3 Rf8 42. Qc6 Qxf2+ 43. Kd1 Qa2 44. Qxd6 Rb8 45. Qxb8 Bxe3 46. Qe5+
Kf7 47. Qxe3 Qxa4+ 48. Bc2 Qxc4 49. Bb3 Qxb3+ 50. Qxb3+ Kg7 51. Nf3 h6 52. g4
Kf6 53. Re1 Kg6 54. Qg8+ Kf6 55. Re6# 1-0

[Event "Challenge"]
[Site "http://www.queenalice.com/game.php?id=386292"]
[Date "2008.4.12"]
[Round "-"]
[White "carolindaia"]
[Black "Krajnicov"]
[Result "1/2-1/2"]
[WhiteElo "1037"]
[BlackElo "1324"]

1. d4 d5 2. Nh3 Qd6 3. Nf4 Bf5 4. c4 dxc4 5. d5 e5 6. Nh5 g6 7. Qa4+ Qd7 8. Qxc4
gxh5 9. Qh4 Na6 10. Qxh5 Nh6 11. Bxh6 Bb4+ 12. Nc3 Rd8 13. a3 Ba5 14. Qxf5 Qxf5
15. Rd1 Qc2 16. Rd2 Qc1+ 17. Rd1 Qxb2 18. Rd2 Bxc3 19. e4 Qxd2+ 20. Bxd2 Bb2 21.
Bg5 O-O 22. h4 f5 23. exf5 Rxd5 24. Rh3 Rfd8 25. Bxd8 Rxd8 26. Rb3 Bd4 27. Rxb7
Bc3+ 28. Ke2 Rd2+ 29. Ke3 Nc5 30. Rxc7 Na4 31. Rxa7 Nb2 32. Rc7 Nd1+ 33. Ke4
Nxf2+ 34. Ke3 Bd4+ 35. Kxd2 Ne4+ 36. Kd3 Nc5+ 37. Kc4 Na6 38. Rd7 Nc5 39. Re7 h5
40. Re8+ Kf7 41. Rh8 Bf2 42. Rxh5 e4 43. Rh7+ Kg8 44. Re7 Kf8 45. Rxe4 Nxe4 46.
a4 Ke8 47. a5 Nd2+ 48. Kd3 Nxf1 49. Ke2 Bxh4 50. Kxf1 Kd8 51. a6 Kc7 52. g3 Bxg3
53. f6 Bd6 54. f7 Kb6 55. Ke2 Kxa6 56. Kd3 Kb5 57. Kd4 Kc6 58. Ke4 Kd7 59. Kf5
Be7 60. Kg6 Ke6 61. Kg7 Bf6+ 62. Kg8 Be7 63. Kg7 Kf5 64. Kh7 Kf6 65. Kg8 Kg6 66.
f8=Q Bxf8 67. Kxf8 Kf6 68. Ke8 Ke6 69. Kf8 1/2-1/2

[Event "Challenge"]
[Site "http://www.queenalice.com/game.php?id=390352"]
[Date "2008.4.19"]
[Round "-"]
[White "carolindaia"]
[Black "Strapasson"]
[Result "0-1"]
[WhiteElo "1008"]
[BlackElo "1047"]

1. e4 e5 2. Bc4 Qh4 3. Qf3 Nf6 4. g3 Qg5 5. Qb3 Qg4 6. f3 Qh5 7. g4 Qh4+ 8. Ke2
Nc6 9. Bxf7+ Ke7 10. Bc4 Nd4+ 11. Kd3 Nxb3 12. Bxb3 Qf2 13. h4 Qf1+ 14. Kc3 Qxc1
15. Bc4 b6 16. g5 Nh5 17. Bd5 c6 18. Bc4 Ng3 19. Rh3 Qxg1 20. a4 Qg2 21. Rxg3
Qxg3 22. Na3 Qxf3+ 23. d3 d5 24. Bb3 dxe4 25. Nc4 Qf2 26. Nxe5 Qc5+ 27. Nc4 e3
28. Re1 g6 29. d4 Bg7 30. Kd3 Qxd4+ 31. Ke2 Bg4+ 32. Kf1 Rhf8+ 33. Kg1 e2+ 34.
Kg2 Qf2+ 35. Kh1 Bf3# 0-1

[Event "Challenge"]
[Site "http://www.queenalice.com/game.php?id=391012"]
[Date "2008.4.21"]
[Round "-"]
[White "Drica"]
[Black "carolindaia"]
[Result "1-0"]
[WhiteElo "1610"]
[BlackElo "988"]

1. e4 Nf6 2. Qf3 d5 3. exd5 Bg4 4. Qf4 Qxd5 5. Qc4 Qe5+ 6. Ne2 Ne4 7. d4 Qf4 8.
Bxf4 Nd6 9. Qxc7 Nf5 10. Ng3 Nxd4 11. Na3 Nxc2+ 12. Nxc2 Nd7 13. Bb5 a6 14. Qxb7
Rd8 15. Bxa6 Nc5 16. Bb5+ Bd7 17. Bxd7+ Rxd7 18. Qc8+ Rd8 19. Qxc5 e5 20. Qxe5+
Be7 21. Rd1 Rc8 22. Qxg7 Rf8 23. Qxh7 Rc4 24. Bd6 Rxc2 25. Qxc2 Rg8 26. Bxe7
Kxe7 27. Qe2+ Kf8 28. Rd8+ Kg7 29. Qg4+ Kf6 30. Qxg8 Ke6 31. O-O Ke7 32. Re1+
Kf6 33. Qh8+ Kg5 34. Qg7+ 1-0

[Event "Challenge"]
[Site "http://www.queenalice.com/game.php?id=393741"]
[Date "2008.4.26"]
[Round "-"]
[White "soonersam"]
[Black "carolindaia"]
[Result "1-0"]
[WhiteElo "918"]
[BlackElo "1046"]

1. e4 a5 2. e5 Ra6 3. d3 Re6 4. d4 Nc6 5. Be3 Nb4 6. a3 Nd5 7. Bc1 c5 8. dxc5
Rxe5+ 9. Be2 Qc7 10. Be3 Nxe3 11. fxe3 Rxe3 12. Kf2 Qf4+ 13. Ke1 Qe4 14. Nh3 d5
15. Kf1 e5 16. Nc3 Qf4+ 17. Nxf4 Bxc5 18. Qxd5 Be7 19. Bc4 Bg5 20. Nh5 Be6 21.
Qd1 Bxc4+ 22. Kf2 Nh6 23. Nxg7+ Kf8 24. Nh5 Ng4+ 25. Kg1 Be7 26. Qxg4 Re4 27.
Qc8+ Bd8 28. Qxd8# 1-0

[Event "Challenge"]
[Site "http://www.queenalice.com/game.php?id=396542"]
[Date "2008.5.2"]
[Round "-"]
[White "Semitonado"]
[Black "carolindaia"]
[Result "1-0"]
[WhiteElo "1257"]
[BlackElo "1021"]

1. e4 Nc6 2. d4 e6 3. d5 exd5 4. exd5 Nd4 5. Qxd4 Nf6 6. Nf3 a5 7. Bc4 Qe7+ 8.
Ne5 d6 9. Bb5+ Bd7 10. Nc3 c5 11. dxc6 dxe5 12. Qb6 Qb4 13. cxd7+ 1-0

[Event "1 x 1"]
[Site "http://www.queenalice.com/game.php?id=403474"]
[Date "2008.5.15"]
[Round "-"]
[White "cesarcalegari"]
[Black "carolindaia"]
[Result "1-0"]
[WhiteElo "1259"]
[BlackElo "1016"]

1. e3 Nc6 2. Nc3 a5 3. Qf3 Ne5 4. Qf5 d6 5. Qf4 Ra6 6. Bc4 Nxc4 7. Qxc4 Rc6 8.
Qb5 Nf6 9. Nf3 Bd7 10. Qxb7 Rb6 11. Qa7 Bc8 12. Qxa5 Ra6 13. Qb5+ Qd7 14. Qc4 d5
15. Qb4 Qf5 16. Qb3 Ne4 17. Nd4 Qg4 18. Ndb5 Rc6 19. Nxd5 Ba6 20. f3 Qxg2 21.
Rf1 Rf6 22. Qd3 Rxf3 23. Ndxc7# 1-0

[Event "Challenge"]
[Site "http://www.queenalice.com/game.php?id=415412"]
[Date "2008.6.9"]
[Round "-"]
[White "carolindaia"]
[Black "Krajnicov"]
[Result "0-1"]
[WhiteElo "990"]
[BlackElo "1373"]

1. Nf3 e6 2. Ne5 Qf6 3. d4 c5 4. a4 cxd4 5. Qxd4 d5 6. Nc3 Na6 7. Nxd5 exd5 8.
Qxd5 Bc5 9. Nxf7 Qxf2+ 10. Kd2 Nf6 11. Qd8+ Kxf7 12. Qxh8 Bf8 0-1